American Countries Without N - Statistics

General Stats
  • This quiz has been taken 99 times
  • The average score is 16 of 18
Answer Stats
Country % Correct
Belize
95%
Cuba
95%
Chile
93%
Brazil
92%
Costa Rica
92%
Bahamas
90%
Barbados
90%
Colombia
90%
Peru
90%
Uruguay
89%
Paraguay
88%
Mexico
87%
Bolivia
86%
Haiti
86%
Jamaica
86%
Guatemala
84%
El Salvador
83%
Ecuador
82%
No matching quizzes found
Score Distribution
Percent of People with Each Score
Percentile by Number Answered
Your Score History
You have not taken this quiz